| 000 | 00000nam 2200000zi 4500 |
| 001 | 9.925605 |
| 003 | CaOODSP |
| 005 | 20240402125013 |
| 006 | m o d f |
| 007 | cr mn||||||||| |
| 008 | 230727e200403 quca o f000 0 eng d |
| 020 | |a0662361040 |q(print) |
| 040 | |aCaOODSP|beng|erda|cCaOODSP |
| 086 | 1 |aEn153-113/51-2004E-PDF |
| 086 | 1 |aEn1-17/51-2004E |
| 100 | 1 |aBonneville, Marlène, |eauthor. |
| 245 | 10|aWastewater : |bBIONEST : an advanced secondary treatment system for domestic wastewater / |cwriters, Marlène Bonneville, Jean-René Michaud. |
| 264 | 1|aMontréal, Quebec : |bEnvironment Canada, Innovation, Monitoring and Industrial Sectors Section, |cMarch 2004. |
| 264 | 4|c©2004 |
| 300 | |a1 online resource (4 unnumbered pages) : |bcolour illustrations. |
| 336 | |atext|btxt|2rdacontent |
| 337 | |acomputer|bc|2rdamedia |
| 338 | |aonline resource|bcr|2rdacarrier |
| 490 | 1 |aEnvironment, technological innovation, |y1188-7990 |
| 500 | |aIssued also in French under title: Eaux usées : BIONEST : système de traitement secondaire avancé des eaux usées domestiques. |
| 500 | |aTitle appears with a trademark symbol after the word "BIONEST". |
| 500 | |aISSN of series should read 1712-0217. |
| 650 | 0|aSewage|xPurification|xBiological treatment. |
| 650 | 0|aBioreactors. |
| 650 | 0|aSeptic tanks. |
| 710 | 1 |aCanada. |bEnvironment Canada. |bInnovation, Monitoring and Industrial Sectors, |eissuing body. |
| 775 | 08|tEaux usées : |w(CaOODSP)9.936182 |
| 830 | #0|aEnvironment, technological innovation.|w(CaOODSP)9.505115 |
| 856 | 40|qPDF|s972 KB|uhttps://publications.gc.ca/collections/collection_2023/eccc/En153-113-51-2004-eng.pdf |